Normal view
MARC view
- Vanden Berg, Glen E.,
Entry Personal Name
001 - CONTROL NUMBER
- control field: 1044
003 - CONTROL NUMBER IDENTIFIER
- control field: OSt
005 - DATE AND TIME OF LATEST TRANSACTION
- control field: 20160719163044.0
008 - FIXED-LENGTH DATA ELEMENTS
- fixed length control field: 160719|| aca||aabn | a|a d
040 ## - CATALOGING SOURCE
- Original cataloging agency: OSt
- Transcribing agency: OSt
100 ## - HEADING--PERSONAL NAME
- Personal name: Vanden Berg, Glen E.,
670 ## - SOURCE DATA FOUND
- Source citation: Work cat.: (OSt)13971: Gill, William R. 1043, Soil Dynamics in Tillage and Traction,, 2013
